[Event "ROM-chT"]
[Site "Oradea"]
[Date "2022.09.26"]
[Round "6.3"]
[White "Levay, Sorin"]
[Black "Danilov, Vladimir"]
[Result "1/2-1/2"]
[WhiteElo "2138"]
[BlackElo "2378"]
[PlyCount "35"]
[EventDate "2022.09.21"]
[EventType "team-tourn"]
[EventRounds "9"]
[EventCountry "ROU"]
[SourceTitle "EXT 2024"]
[Source "ChessBase"]
[SourceDate "2023.10.10"]
[SourceVersion "1"]
[SourceVersionDate "2023.10.10"]
[SourceQuality "1"]
[WhiteTeam "Targoviste"]
[BlackTeam "Iasi Politehnica"]
[WhiteTeamCountry "ROU"]
[BlackTeamCountry "ROU"]

1. e4 e5 2. Nc3 Bc5 3. Nf3 Nc6 4. Nxe5 Nxe5 5. d4 Bd6 6. dxe5 Bxe5 7. Qd3 c6 8. f4 Bc7 9. Bd2 Ne7 10. 0-0-0 0-0 11. f5 Be5 12. g4 b5 13. Qf3 Qc7 14. Ne2 d5 15. Nf4 Rd8 16. Nd3 dxe4 17. Qxe4 Bd6 18. Bg2 1/2-1/2

[Event "Titled Tuesday intern op 05th Apr Late"]
[Site "Chess.com INT"]
[Date "2022.04.05"]
[Round "1"]
[White "Danilov, Vladimir"]
[Black "Theodorou, Nikolas"]
[Result "1/2-1/2"]
[WhiteElo "2378"]
[BlackElo "2561"]
[PlyCount "106"]
[EventDate "2022.04.05"]
[EventType "swiss (blitz)"]
[EventRounds "11"]
[EventCountry "USA"]
[SourceTitle "CBM 207 Extra"]
[Source "ChessBase"]
[SourceDate "2022.05.31"]
[SourceVersion "1"]
[SourceVersionDate "2022.05.31"]
[SourceQuality "1"]

1. b3 e5 2. Bb2 Nc6 3. e3 d5 4. Bb5 Nge7 5. Nf3 e4 6. Ne5 a6 7. Bxc6+ Nxc6 8. Nxc6 bxc6 9. Qh5 Be6 10. 0-0 Bd6 11. d3 exd3 12. cxd3 0-0 13. Nd2 a5 14. Rac1 Bd7 15. Nf3 a4 16. Ne5 Qe8 17. Nxd7 Qxd7 18. Rc2 axb3 19. axb3 Rfb8 20. Rfc1 Rxb3 21. Qg5 f5 22. g3 h6 23. Qg6 Qf7 24. Qxf7+ Kxf7 25. Bd4 Ra6 26. Bc5 Ke6 27. d4 g5 28. Bxd6 Kxd6 29. Rc5 Rb5 30. R5c2 Ra3 31. h3 Rb6 32. Kg2 Raa6 33. Rc5 Rb5 34. R5c2 Rb3 35. Rd1 h5 36. Rdc1 Rab6 37. Ra1 Rb2 38. Rxb2 Rxb2 39. Ra8 c5 40. dxc5+ Kxc5 41. Rf8 Kc4 42. Rxf5 c5 43. Rxg5 d4 44. exd4 cxd4 45. Rxh5 d3 46. Rh8 d2 47. Rd8 Kc3 48. h4 Rb4 49. Kf3 Kc2 50. Rc8+ Kd3 51. Rd8+ Kc2 52. Rc8+ Kd3 53. Rd8+ Kc2 1/2-1/2

[Event "Titled Tuesday intern op 05th Apr Late"]
[Site "Chess.com INT"]
[Date "2022.04.05"]
[Round "9"]
[White "Danilov, Vladimir"]
[Black "Yurtseven, Melih"]
[Result "1/2-1/2"]
[WhiteElo "2378"]
[BlackElo "2388"]
[PlyCount "242"]
[EventDate "2022.04.05"]
[EventType "swiss (blitz)"]
[EventRounds "11"]
[EventCountry "USA"]
[SourceTitle "CBM 207 Extra"]
[Source "ChessBase"]
[SourceDate "2022.05.31"]
[SourceVersion "1"]
[SourceVersionDate "2022.05.31"]
[SourceQuality "1"]

1. b3 d6 2. Bb2 e5 3. e3 Nf6 4. d4 exd4 5. Qxd4 Be7 6. Nc3 Nc6 7. Bb5 Bd7 8. Bxc6 bxc6 9. Nf3 c5 10. Qd2 Bc6 11. 0-0-0 a5 12. a4 c4 13. bxc4 Bxf3 14. gxf3 Rb8 15. Rhg1 Rg8 16. Nb5 Qd7 17. Qxa5 Rc8 18. c5 d5 19. c6 Qxc6 20. Na7 Qa8 21. Bxf6 Bxf6 22. Qxd5 Qxd5 23. Rxd5 Ra8 24. Nc6 Rxa4 25. Rgd1 Ra1+ 26. Kd2 Rxd1+ 27. Kxd1 g5 28. h3 Rg6 29. Ke2 Rh6 30. Kf1 Rxh3 31. Kg2 Rh6 32. c4 Rg6 33. Rd1 h5 34. e4 h4 35. Kh3 Be7 36. Nxe7 Kxe7 37. Rd5 f6 38. e5 fxe5 39. Rxe5+ Kf6 40. Rc5 Rg7 41. Kg4 Rh7 42. Kh3 Kg6 43. Rd5 Rf7 44. Kg2 Rf4 45. Rc5 Rf7 46. Rc6+ Kf5 47. c5 Rg7 48. Rh6 Ke5 49. c6 Kf4 50. Rf6+ Ke5 51. Rh6 g4 52. fxg4 Rxg4+ 53. Kf3 Rc4 54. Ke3 Rc3+ 55. Kd2 Rf3 56. Ke2 Rf6 57. Rh5+ Kd6 58. Rxh4 Kxc6 59. f4 Kd5 60. Ke3 c5 61. Rh8 Re6+ 62. Kd3 c4+ 63. Kd2 Rd6 64. Re8 Kd4 65. f5 Kc5+ 66. Kc2 Rf6 67. Re5+ Kd4 68. Ra5 Rb6 69. Ra8 Rf6 70. Ra5 Rh6 71. Ra8 Rh2+ 72. Kd1 Rf2 73. Rf8 Kd3 74. Rd8+ Kc3 75. Rd5 Kb2 76. Rb5+ Kc3 77. Re5 Rf1+ 78. Ke2 Rf4 79. Ke3 Rf1 80. Rc5 Re1+ 81. Kf2 Re8 82. f6 Rf8 83. Rc6 Kd4 84. Kf3 Kd3 85. Kf4 c3 86. Kf5 c2 87. Rd6+ Ke3 88. Rc6 Kd2 89. Kg6 Rg8+ 90. Kh7 Rg1 91. f7 Rh1+ 92. Kg8 Rg1+ 93. Kh7 Rf1 94. Kg7 Rg1+ 95. Rg6 c1Q 96. f8Q Qc3+ 97. Qf6 Qc7+ 98. Qf7 Qe5+ 99. Qf6 Qc7+ 100. Qf7 Qc3+ 101. Kg8 Qc8+ 102. Kg7 Qc3+ 103. Qf6 Rxg6+ 104. Kxg6 Qd3+ 105. Kg7 Qe3 106. Kf7 Qd3 107. Qb2+ Qc2 108. Qd4+ Qd3 109. Qf2+ Kc3 110. Qf6+ Kb3 111. Qb6+ Kc2 112. Kf6 Kc3 113. Qa5+ Kd4 114. Qb4+ Ke3 115. Qe1+ Kf3 116. Qh1+ Ke2 117. Qh2+ Kd1 118. Qg1+ Kd2 119. Qf2+ Kc3 120. Qc5+ Qc4 121. Qxc4+ Kxc4 1/2-1/2

[Event "Titled Tuesday intern op 05th Apr Late"]
[Site "Chess.com INT"]
[Date "2022.04.05"]
[Round "10"]
[White "Prohorov, Olexandr"]
[Black "Danilov, Vladimir"]
[Result "0-1"]
[WhiteElo "2086"]
[BlackElo "2378"]
[PlyCount "64"]
[EventDate "2022.04.05"]
[EventType "swiss (blitz)"]
[EventRounds "11"]
[EventCountry "USA"]
[SourceTitle "CBM 207 Extra"]
[Source "ChessBase"]
[SourceDate "2022.05.31"]
[SourceVersion "1"]
[SourceVersionDate "2022.05.31"]
[SourceQuality "1"]

1. e4 e5 2. Nf3 Nc6 3. Bb5 a6 4. Ba4 d6 5. d4 b5 6. Bb3 Nxd4 7. Nxd4 exd4 8. a4 Bb7 9. axb5 axb5 10. Rxa8 Bxa8 11. Na3 b4 12. Ba4+ Ke7 13. Nc4 c5 14. 0-0 Nf6 15. Bf4 Nxe4 16. Re1 d5 17. Nd6 h5 18. f3 Ke6 19. fxe4 Bxd6 20. exd5+ Kf6 21. Qf3 Bxf4 22. Qxf4+ Kg6 23. c4 Qg5 24. Bc2+ Kh6 25. Qxf7 g6 26. Rf1 b3 27. Bb1 Rd8 28. h4 Qe3+ 29. Rf2 d3 30. Qf6 Re8 31. Kh2 Bb7 32. Qf7 Bc8 0-1

[Event "Abu Dhabi op 27th"]
[Site "Abu Dhabi"]
[Date "2021.12.14"]
[Round "8"]
[White "Danilov, Vladimir"]
[Black "Van Wely, Loek"]
[Result "0-1"]
[WhiteElo "2378"]
[BlackElo "2612"]
[PlyCount "66"]
[EventDate "2021.12.12"]
[EventType "swiss (rapid)"]
[EventRounds "9"]
[EventCountry "UAE"]
[SourceTitle "CBM 205 Extra"]
[Source "ChessBase"]
[SourceDate "2022.01.31"]
[SourceVersion "1"]
[SourceVersionDate "2022.01.31"]
[SourceQuality "1"]

1. d4 Nf6 2. c4 g6 3. Nf3 Bg7 4. g3 c5 5. d5 b5 6. cxb5 a6 7. b6 d6 8. Nc3 0-0 9. Bg2 Nbd7 10. 0-0 Nxb6 11. e4 Rb8 12. Re1 Nfd7 13. Qc2 Nc4 14. b3 Qa5 15. e5 Ndxe5 16. Nxe5 Bxe5 17. Rxe5 Nxe5 18. Bb2 c4 19. Ne4 cxb3 20. axb3 Qb6 21. Bxe5 dxe5 22. Nc5 Bf5 23. Qc3 Rfc8 24. Ra5 Qb4 25. Qxb4 Rxb4 26. Bf1 Rb5 27. Rxb5 axb5 28. b4 Rd8 29. Bxb5 Rb8 30. Bc6 Rxb4 31. f3 h5 32. h3 Rb1+ 33. Kf2 Bxh3 0-1

[Event "Abu Dhabi op 27th"]
[Site "Abu Dhabi"]
[Date "2021.12.12"]
[Round "3"]
[White "Dimakiling, Oliver"]
[Black "Danilov, Vladimir"]
[Result "1/2-1/2"]
[WhiteElo "2420"]
[BlackElo "2378"]
[PlyCount "225"]
[EventDate "2021.12.12"]
[EventType "swiss (rapid)"]
[EventRounds "9"]
[EventCountry "UAE"]
[SourceTitle "CBM 205 Extra"]
[Source "ChessBase"]
[SourceDate "2022.01.31"]
[SourceVersion "1"]
[SourceVersionDate "2022.01.31"]
[SourceQuality "1"]

1. d4 d5 2. Nf3 c6 3. Bf4 Bf5 4. Nbd2 e6 5. e3 Nd7 6. c4 Ngf6 7. h3 Be7 8. Qb3 Qb6 9. c5 Qxb3 10. axb3 0-0 11. b4 a6 12. Be2 Rfc8 13. Nb3 Bd8 14. Na5 Bxa5 15. Rxa5 Ne8 16. 0-0 Rd8 17. Nd2 f6 18. g4 Bg6 19. Bg3 e5 20. Rfa1 Nc7 21. dxe5 fxe5 22. f4 Re8 23. Bf1 Nf6 24. f5 Bf7 25. Nf3 Nd7 26. Rd1 e4 27. Bxc7 exf3 28. Bf4 Rad8 29. Kf2 Nf6 30. Rd4 g6 31. Kxf3 gxf5 32. gxf5 Bh5+ 33. Kf2 Ne4+ 34. Ke1 Rd7 35. Bg2 Rf7 36. Bxe4 Rxe4 37. Rxe4 dxe4 38. b5 axb5 39. Ra8+ Rf8 40. Ra7 Rxf5 41. b4 Rf7 42. Kf2 Rd7 43. Kg3 Kf7 44. Ra8 Ke6 45. Rg8 Bg6 46. h4 Kd5 47. h5 Bf5 48. Rf8 Rg7+ 49. Kf2 Bh3 50. h6 Rg2+ 51. Ke1 Kc4 52. Rf7 Kd3 53. Rxh7 Rb2 54. Rh8 Re2+ 55. Kd1 Rd2+ 56. Kc1 Rc2+ 57. Kb1 Kc3 58. h7 Bf5 59. Ra8 Bxh7 60. Ra3+ Kxb4 61. Kxc2 Kxa3 62. Be5 b4 63. Bd4 b3+ 64. Kc1 Bf5 65. Bc3 Bh3 66. Bd4 Bf1 67. Bc3 Bd3 68. Bd4 Bc2 69. Bc3 Ka4 70. Kb2 Kb5 71. Bd4 Kb4 72. Kc1 Bd3 73. Kb2 Ba6 74. Kc1 b6 75. cxb6 c5 76. Be5 Ka3 77. Bb2+ Ka2 78. Be5 Bb7 79. Bb2 Bd5 80. Be5 Ka3 81. Bb2+ Kb4 82. Be5 Kb5 83. Bc7 Kc4 84. Kd2 Bb7 85. Be5 Ba6 86. Bf6 Kb4 87. Kc1 Kb5 88. Kb2 Kc4 89. Be7 Bb7 90. Bf8 Bd5 91. Bd6 Kb4 92. Be7 Bb7 93. Bd6 Bd5 94. Be7 Kb5 95. Bd8 Kc6 96. Kc3 c4 97. Kb2 Kc5 98. Kc3 Bb7 99. Bc7 Kd5 100. Bf4 Ba6 101. Bg5 Ke5 102. Bh6 Kd5 103. Bg7 Kc5 104. Bd4+ Kb5 105. Kb2 Bb7 106. Kc3 Bd5 107. Kb2 Kb4 108. Bc3+ Kc5 109. Bd4+ Kc6 110. Kc3 Kd6 111. Kb2 Bb7 112. Kc3 Ba6 113. Kb2 1/2-1/2

[Event "Titled Tuesday intern op 09th Nov"]
[Site "Chess.com INT"]
[Date "2021.11.09"]
[Round "9"]
[White "Danilov, Vladimir"]
[Black "Eggleston, Thomas"]
[Result "1-0"]
[WhiteElo "2378"]
[BlackElo "2175"]
[PlyCount "85"]
[EventDate "2021.11.09"]
[EventType "swiss (blitz)"]
[EventRounds "11"]
[EventCountry "USA"]
[SourceTitle "CBM 205 Extra"]
[Source "ChessBase"]
[SourceDate "2022.01.31"]
[SourceVersion "1"]
[SourceVersionDate "2022.01.31"]
[SourceQuality "1"]

1. b3 e5 2. Bb2 d6 3. e3 f5 4. d4 e4 5. d5 Nf6 6. h4 c5 7. Nh3 Nbd7 8. Bb5 a6 9. Bxd7+ Bxd7 10. a4 Qc7 11. c4 Be7 12. Nc3 0-0 13. Nf4 Ng4 14. Ne6 Bxe6 15. dxe6 Bf6 16. Nd5 Qa5+ 17. Ke2 Bxb2 18. Rb1 Bf6 19. f3 Ne5 20. Nxf6+ Rxf6 21. Qxd6 Nd3 22. Qd5 Qd8 23. g4 Qe7 24. gxf5 Nb4 25. Qxe4 Rd8 26. Rbd1 Rff8 27. Rxd8 Rxd8 28. Rd1 Rxd1 29. Kxd1 Qd6+ 30. Ke2 Nc6 31. f4 Kf8 32. Qd5 Qxd5 33. cxd5 Na5 34. Kd3 Nxb3 35. Kc4 Nd2+ 36. Kxc5 Ne4+ 37. Kb6 Nd6 38. Kc7 Ke7 39. a5 Nxf5 40. e4 Nd6 41. e5 Nb5+ 42. Kxb7 g6 43. Kxa6 1-0

[Event "Titled Tuesday intern op 09th Nov"]
[Site "Chess.com INT"]
[Date "2021.11.09"]
[Round "1"]
[White "Danilov, Vladimir"]
[Black "Savchenko, Boris"]
[Result "1-0"]
[WhiteElo "2378"]
[BlackElo "2535"]
[PlyCount "31"]
[EventDate "2021.11.09"]
[EventType "swiss (blitz)"]
[EventRounds "11"]
[EventCountry "USA"]
[SourceTitle "CBM 205 Extra"]
[Source "ChessBase"]
[SourceDate "2022.01.31"]
[SourceVersion "1"]
[SourceVersionDate "2022.01.31"]
[SourceQuality "1"]

1. b3 e5 2. Bb2 Nc6 3. e3 Nf6 4. Bb5 Bd6 5. Na3 Na5 6. Be2 c6 7. c4 Qe7 8. Nc2 c5 9. d4 exd4 10. exd4 Nc6 11. Nf3 cxd4 12. Nfxd4 Nxd4 13. Qxd4 0-0 14. Ne3 Bb4+ 15. Bc3 Ne4 16. Qxg7# 1-0

[Event "Titled Tuesday intern op 09th Nov"]
[Site "Chess.com INT"]
[Date "2021.11.09"]
[Round "4"]
[White "Nastore, Pavel Alexandru"]
[Black "Danilov, Vladimir"]
[Result "1-0"]
[WhiteElo "2249"]
[BlackElo "2378"]
[PlyCount "103"]
[EventDate "2021.11.09"]
[EventType "swiss (blitz)"]
[EventRounds "11"]
[EventCountry "USA"]
[SourceTitle "CBM 205 Extra"]
[Source "ChessBase"]
[SourceDate "2022.01.31"]
[SourceVersion "1"]
[SourceVersionDate "2022.01.31"]
[SourceQuality "1"]

1. Nf3 d5 2. d4 c6 3. g3 Bg4 4. Bg2 Bxf3 5. Bxf3 f5 6. 0-0 e6 7. Bg2 Nf6 8. f3 Be7 9. e4 dxe4 10. fxe4 fxe4 11. Nc3 Nbd7 12. Nxe4 Nxe4 13. Bxe4 Nf6 14. Bg2 c5 15. Be3 Qc7 16. Qe2 0-0 17. c3 Rad8 18. Kh1 e5 19. dxc5 Bxc5 20. Qc4+ Kh8 21. Qxc5 Qd7 22. Rad1 Qxd1 23. Qxf8+ Rxf8 24. Rxd1 b6 25. h3 h6 26. a4 Kh7 27. a5 bxa5 28. Bxa7 Nh5 29. Kh2 Nf6 30. c4 e4 31. Be3 Rb8 32. g4 Rxb2 33. Bd4 Rc2 34. Bxf6 gxf6 35. Re1 Rxc4 36. Rxe4 Rxe4 37. Bxe4+ Kg7 38. Kg3 h5 39. Kf4 a4 40. Kf5 a3 41. Bb1 Kf7 42. Ba2+ Kg7 43. Bb3 hxg4 44. hxg4 Kh7 45. Kxf6 Kh8 46. g5 a2 47. Bxa2 Kh7 48. g6+ Kh6 49. g7 Kh5 50. g8Q Kh4 51. Qg2 Kh5 52. Qh3# 1-0

[Event "Titled Tuesday intern op 30th Mar"]
[Site "Chess.com INT"]
[Date "2021.03.30"]
[Round "10"]
[White "Danilov, Vladimir"]
[Black "Nagy, Gabor"]
[Result "0-1"]
[WhiteElo "2385"]
[BlackElo "2516"]
[PlyCount "96"]
[EventDate "2021.03.30"]
[EventType "swiss (blitz)"]
[EventRounds "11"]
[EventCountry "USA"]
[SourceTitle "CBM 201 Extra"]
[Source "ChessBase"]
[SourceDate "2021.05.31"]
[SourceVersion "1"]
[SourceVersionDate "2021.05.31"]
[SourceQuality "1"]

1. d4 Nf6 2. c4 c5 3. d5 g6 4. Nc3 Bg7 5. e4 d6 6. h3 0-0 7. Nf3 e6 8. Bd3 Na6 9. 0-0 e5 10. Be3 Kh8 11. Qd2 Ng8 12. Ne1 f5 13. f4 Nb4 14. a3 Nxd3 15. Nxd3 fxe4 16. Nxe4 Bf5 17. Ng5 exf4 18. Bxf4 Qd7 19. g4 h6 20. gxf5 hxg5 21. Bxg5 Rxf5 22. Rxf5 Qxf5 23. Rf1 Qxh3 24. Qh2 Qxh2+ 25. Kxh2 Rf8 26. Rxf8 Bxf8 27. Nf4 Kh7 28. Ne6 Be7 29. Bf4 Nf6 30. Kg2 b5 31. b3 bxc4 32. bxc4 Kg8 33. Nc7 a5 34. Nb5 Ne8 35. Bd2 Bd8 36. Bf4 Be7 37. Bd2 a4 38. Nc3 Kf7 39. Nxa4 Nc7 40. Nc3 Bf6 41. Nb5 Ne8 42. Bf4 Ke7 43. a4 Kd7 44. a5 Be7 45. a6 Kc8 46. Kf3 g5 47. Kg4 gxf4 48. Kxf4 Nc7 0-1

[Event "Titled Tuesday intern op 30th Mar"]
[Site "Chess.com INT"]
[Date "2021.03.30"]
[Round "5"]
[White "Prydun, Andriy"]
[Black "Danilov, Vladimir"]
[Result "0-1"]
[WhiteElo "2254"]
[BlackElo "2385"]
[PlyCount "44"]
[EventDate "2021.03.30"]
[EventType "swiss (blitz)"]
[EventRounds "11"]
[EventCountry "USA"]
[SourceTitle "CBM 201 Extra"]
[Source "ChessBase"]
[SourceDate "2021.05.31"]
[SourceVersion "1"]
[SourceVersionDate "2021.05.31"]
[SourceQuality "1"]

1. d4 c5 2. d5 e5 3. c4 d6 4. Nc3 f5 5. a3 Nf6 6. b4 b6 7. Rb1 Be7 8. h3 0-0 9. Qc2 e4 10. g4 Nbd7 11. gxf5 Ne5 12. Nxe4 Nxe4 13. Bg2 Nxf2 14. e4 Bh4 15. Kf1 Nxh1 16. Bxh1 Bg5 17. Qg2 Bxc1 18. Rxc1 Bxf5 19. exf5 Rxf5+ 20. Ke2 Qf6 21. Qg3 Re8 22. Be4 Nf7 0-1

[Event "Bicaz City Cup"]
[Site "Bicaz"]
[Date "2020.03.07"]
[Round "5"]
[White "Antal, Hunor Zoltan"]
[Black "Danilov, Vladimir"]
[Result "1/2-1/2"]
[WhiteElo "1989"]
[BlackElo "2388"]
[PlyCount "85"]
[EventDate "2020.03.05"]
[EventType "swiss"]
[EventRounds "7"]
[EventCountry "ROU"]
[SourceTitle "CBM 195 Extra"]
[Source "ChessBase"]
[SourceDate "2020.05.31"]
[SourceVersion "1"]
[SourceVersionDate "2020.05.31"]
[SourceQuality "1"]

1. d4 d5 2. Nf3 Nf6 3. c4 e6 4. Nc3 Nbd7 5. cxd5 exd5 6. Bf4 c6 7. Qc2 Be7 8. e3 Nf8 9. Bd3 Ne6 10. Be5 g6 11. a3 Ng7 12. 0-0 0-0 13. b4 a6 14. Na4 Bf5 15. Nc5 b6 16. Nb3 Qd7 17. Rfc1 Rfc8 18. Bg3 Bxd3 19. Qxd3 Ne4 20. Ra2 f6 21. Nfd2 Nxd2 22. Qxd2 Nf5 23. Rac2 Bd6 24. Bxd6 Nxd6 25. Qd3 Nc4 26. Nd2 b5 27. Nb3 Qd6 28. Nc5 Rc7 29. Qb3 a5 30. bxa5 Rxa5 31. a4 Rca7 32. axb5 Rxb5 33. Qd3 Qb8 34. g3 Rb2 35. Rxb2 Qxb2 36. Rb1 Ra1 37. Rxa1 Qxa1+ 38. Kg2 Qe1 39. Qb3 Nd2 40. Qb8+ Kg7 41. Qc7+ Kh6 42. Qf4+ Kg7 43. Qc7+ 1/2-1/2

[Event "Bicaz City Cup"]
[Site "Bicaz"]
[Date "2020.03.05"]
[Round "1"]
[White "Gurguiatu, Sandu"]
[Black "Danilov, Vladimir"]
[Result "0-1"]
[WhiteElo "1473"]
[BlackElo "2388"]
[PlyCount "48"]
[EventDate "2020.03.05"]
[EventType "swiss"]
[EventRounds "7"]
[EventCountry "ROU"]
[SourceTitle "CBM 195 Extra"]
[Source "ChessBase"]
[SourceDate "2020.05.31"]
[SourceVersion "1"]
[SourceVersionDate "2020.05.31"]
[SourceQuality "1"]

1. a3 d5 2. g3 e5 3. Bg2 f5 4. e3 Nf6 5. d4 e4 6. Ne2 Bd6 7. 0-0 h5 8. Nf4 h4 9. Ng6 Rh6 10. Nxh4 g5 11. Nf3 exf3 12. Qxf3 g4 13. Qe2 Ne4 14. Bxe4 dxe4 15. c4 Nc6 16. c5 Bxc5 17. dxc5 Ne5 18. Nd2 Be6 19. b3 c6 20. h4 Kf7 21. Rd1 Rxh4 22. gxh4 Qxh4 23. Qf1 Nf3+ 24. Nxf3 gxf3 0-1

[Event "ROM-chT"]
[Site "Sovata"]
[Date "2018.11.28"]
[Round "5.1"]
[White "Vilcu, Matei Stefan"]
[Black "Danilov, Vladimir"]
[Result "0-1"]
[WhiteElo "1892"]
[BlackElo "2386"]
[PlyCount "76"]
[EventDate "2018.11.24"]
[EventType "team-tourn"]
[EventRounds "9"]
[EventCountry "ROU"]
[SourceTitle "CBM 187 Extra"]
[Source "ChessBase"]
[SourceDate "2018.11.04"]
[SourceVersion "1"]
[SourceVersionDate "2018.11.04"]
[SourceQuality "1"]
[WhiteTeam "Arad Vados"]
[BlackTeam "Iasi Politehnica"]
[WhiteTeamCountry "ROU"]
[BlackTeamCountry "ROU"]

1. e4 e6 2. d4 d5 3. Nc3 Bb4 4. e5 c5 5. Bd2 Nc6 6. Nb5 Bxd2+ 7. Qxd2 Nxd4 8. Nxd4 cxd4 9. Qxd4 Ne7 10. Nf3 Bd7 11. Bd3 Nc6 12. Qg4 g6 13. 0-0 Qe7 14. c4 Nb4 15. Be2 h5 16. Qf4 dxc4 17. Bxc4 Bc6 18. Nd4 Rd8 19. a3 Nd5 20. Qf3 0-0 21. Rac1 Qg5 22. Nxc6 bxc6 23. Qe4 Rd7 24. Bxd5 cxd5 25. Qd4 a5 26. Rc5 Ra8 27. f4 Qg4 28. h3 Qf5 29. Rfc1 Rb7 30. Kh2 Rab8 31. Rc8+ Rxc8 32. Rxc8+ Kh7 33. Rc5 Qb1 34. Rxa5 Rxb2 35. Ra7 Qc2 36. Qg1 Kg7 37. Qf1 h4 38. Qf3 Qc5 0-1

[Event "ROM-chT"]
[Site "Calimanesti Caciulata"]
[Date "2016.11.25"]
[Round "7.1"]
[White "Parligras, Mircea Emilian"]
[Black "Danilov, Vladimir"]
[Result "1-0"]
[WhiteElo "2599"]
[BlackElo "2389"]
[PlyCount "81"]
[EventDate "2016.11.19"]
[EventType "team-tourn"]
[EventRounds "9"]
[EventCountry "ROU"]
[SourceTitle "CBM 175 Extra"]
[Source "ChessBase"]
[SourceDate "2016.12.12"]
[SourceVersion "1"]
[SourceVersionDate "2016.12.12"]
[SourceQuality "1"]
[WhiteTeam "Timisoara Luxten"]
[BlackTeam "Iasi Politehnica"]
[WhiteTeamCountry "ROU"]
[BlackTeamCountry "ROU"]

1. d4 Nf6 2. c4 c5 3. d5 b5 4. cxb5 a6 5. bxa6 Bxa6 6. Nc3 d6 7. Nf3 g6 8. e4 Bxf1 9. Kxf1 Bg7 10. g3 0-0 11. Kg2 Nbd7 12. a4 Qa5 13. Bd2 Rfb8 14. Nb5 Qd8 15. Qc2 Ne8 16. Bc3 Bxc3 17. bxc3 Nb6 18. c4 Ra5 19. h4 Rba8 20. h5 Rxa4 21. Rxa4 Rxa4 22. hxg6 fxg6 23. Rxh7 Rxc4 24. Qd2 Nf6 25. Rh6 Qe8 26. Qg5 Qf7 27. Rxg6+ Kf8 28. Nc7 Qh7 29. Rg7 Qxg7 30. Ne6+ Ke8 31. Qxg7 Kd7 32. Qf8 Nbxd5 33. exd5 Nxd5 34. Nfg5 Rb4 35. Qa8 Nc3 36. Nf8+ Kc7 37. Nge6+ Kb6 38. Qd8+ Kb5 39. Qxe7 Nd5 40. Nc7+ Kc6 41. Qd7+ 1-0

[Event "ROM-chT"]
[Site "Calimanesti Caciulata"]
[Date "2016.11.19"]
[Round "1.4"]
[White "Posedaru, Bogdan Stefan"]
[Black "Danilov, Vladimir"]
[Result "1/2-1/2"]
[WhiteElo "2327"]
[BlackElo "2389"]
[PlyCount "120"]
[EventDate "2016.11.19"]
[EventType "team-tourn"]
[EventRounds "9"]
[EventCountry "ROU"]
[SourceTitle "CBM 175 Extra"]
[Source "ChessBase"]
[SourceDate "2016.12.12"]
[SourceVersion "1"]
[SourceVersionDate "2016.12.12"]
[SourceQuality "1"]
[WhiteTeam "Techirghiol Victoria"]
[BlackTeam "Iasi Politehnica"]
[WhiteTeamCountry "ROU"]
[BlackTeamCountry "ROU"]

1. d4 Nf6 2. c4 g6 3. Nc3 d5 4. cxd5 Nxd5 5. Bd2 Nb6 6. e3 Bg7 7. f4 0-0 8. Nf3 c5 9. dxc5 N6d7 10. b4 a5 11. a3 e5 12. Rc1 exf4 13. exf4 axb4 14. axb4 b6 15. cxb6 Re8+ 16. Be2 Bxc3 17. Bxc3 Ba6 18. Rc2 Bxe2 19. Rxe2 Ra2 20. Rxe8+ Qxe8+ 21. Ne5 Nxe5 22. Bxe5 Nd7 23. 0-0 Nxb6 24. Qf3 Nc4 25. Qb3 Qa8 26. Qxa2 Qxa2 27. Ra1 Qxa1+ 28. Bxa1 f5 29. b5 Kf7 30. Kf2 Ke6 31. Ke2 Kd5 32. Kd3 Nd6 33. b6 Kc6 34. Bd4 h5 35. Be3 Ne4 36. Kc4 Nd6+ 37. Kb4 Nb7 38. Ka4 Nd6 39. Ka5 Kb7 40. Bc5 Ne4 41. Kb5 g5 42. fxg5 Nxg5 43. Be3 Ne4 44. Kc4 Kc6 45. Kd4 Kxb6 46. Ke5+ Kc6 47. Kxf5 Kd5 48. Ba7 Nc3 49. Kg5 Ne2 50. Kxh5 Nf4+ 51. Kg4 Nxg2 52. Bf2 Ke4 53. h3 Nf4 54. h4 Ne6 55. Be1 Ke5 56. Bc3+ Kd6 57. h5 Ke7 58. h6 Nf8 59. Bg7 Kf7 60. Kf5 Nh7 1/2-1/2

[Event "ROM-chT"]
[Site "Calimanesti"]
[Date "2014.11.13"]
[Round "6.4"]
[White "Barnaure, Vlad Victor"]
[Black "Danilov, Vladimir"]
[Result "1/2-1/2"]
[WhiteElo "2512"]
[BlackElo "2405"]
[PlyCount "32"]
[EventDate "2014.11.08"]
[EventType "team-tourn"]
[EventRounds "9"]
[EventCountry "ROU"]
[SourceTitle "EXT 2015"]
[Source "ChessBase"]
[SourceDate "2014.11.20"]
[SourceVersion "1"]
[SourceVersionDate "2014.11.20"]
[SourceQuality "1"]
[WhiteTeam "Baia Mare"]
[BlackTeam "Iasi Politehnica"]
[WhiteTeamCountry "ROU"]
[BlackTeamCountry "ROU"]

1. Nf3 d5 2. g3 Nf6 3. Bg2 g6 4. c4 Bg7 5. cxd5 0-0 6. Nc3 Nxd5 7. 0-0 Nxc3 8. bxc3 c5 9. a4 Nc6 10. Ba3 b6 11. d4 Ba6 12. Rc1 Rc8 13. d5 Na5 14. Nd2 Nc4 15. Nxc4 Bxc4 16. Qc2 a6 1/2-1/2

[Event "ROM-chT"]
[Site "Mamaia"]
[Date "2013.09.08"]
[Round "9.4"]
[White "Danilov, Vladimir"]
[Black "Zaim, Marian"]
[Result "1-0"]
[WhiteElo "2405"]
[BlackElo "2124"]
[PlyCount "87"]
[EventDate "2013.08.31"]
[EventType "team-tourn"]
[EventRounds "9"]
[EventCountry "ROU"]
[SourceTitle "CBM 156 Extra"]
[Source "ChessBase"]
[SourceDate "2013.10.22"]
[SourceVersion "1"]
[SourceVersionDate "2013.10.22"]
[SourceQuality "1"]
[WhiteTeam "Iasi Politehnica"]
[BlackTeam "Resita Muncitorul"]
[WhiteTeamCountry "ROU"]
[BlackTeamCountry "ROU"]

1. Nf3 Nf6 2. g3 g6 3. Bg2 Bg7 4. 0-0 0-0 5. d4 d6 6. c4 c6 7. Nc3 Bf5 8. Ne1 e5 9. d5 cxd5 10. cxd5 a5 11. e4 Bd7 12. a4 Na6 13. Nd3 Qc7 14. Re1 Rfc8 15. Bf1 Ne8 16. Be3 b6 17. Rc1 Qd8 18. f3 Nc5 19. b3 Nc7 20. Nb2 Rcb8 21. Nc4 Qf8 22. Rb1 N7a6 23. Qd2 Qe7 24. Na3 Nc7 25. b4 axb4 26. Rxb4 Nxa4 27. Nxa4 Rxa4 28. Rxa4 Bxa4 29. Rb1 b5 30. Nc4 Bf8 31. Nb6 Qe8 32. Qa5 Na8 33. Nxa4 bxa4 34. Bb5 Qe7 35. Rc1 Qb7 36. Bxa4 Qb2 37. Qa7 Rd8 38. Bc6 Qb8 39. Qa2 Nc7 40. Rb1 Qc8 41. Rb7 f6 42. Qa7 Ne8 43. Bxe8 Rxe8 44. Rxh7 1-0

[Event "ROM-chT"]
[Site "Mamaia"]
[Date "2013.09.05"]
[Round "6.4"]
[White "Palamar, Theodor"]
[Black "Danilov, Vladimir"]
[Result "0-1"]
[WhiteElo "1766"]
[BlackElo "2405"]
[PlyCount "80"]
[EventDate "2013.08.31"]
[EventType "team-tourn"]
[EventRounds "9"]
[EventCountry "ROU"]
[SourceTitle "CBM 156 Extra"]
[Source "ChessBase"]
[SourceDate "2013.10.22"]
[SourceVersion "1"]
[SourceVersionDate "2013.10.22"]
[SourceQuality "1"]
[WhiteTeam "Otopeni"]
[BlackTeam "Iasi Politehnica"]
[WhiteTeamCountry "ROU"]
[BlackTeamCountry "ROU"]

1. e4 e5 2. Nf3 Nc6 3. Nc3 Nf6 4. Bb5 Bb4 5. d3 d6 6. 0-0 Bxc3 7. bxc3 0-0 8. h3 Ne7 9. Re1 c6 10. Ba4 Ng6 11. Bb3 h6 12. Be3 Qc7 13. c4 Be6 14. Bc1 a5 15. a4 Rad8 16. Bb2 c5 17. Kh2 Qc8 18. Ng1 Nh7 19. g4 f6 20. Bc1 Ng5 21. f3 Kf7 22. Kg3 Bd7 23. c3 Ne6 24. Ne2 Rh8 25. Be3 h5 26. Rh1 Rh7 27. Qd2 Rdh8 28. g5 h4+ 29. Kg2 Rh5 30. gxf6 gxf6 31. Kf2 Ng5 32. Bxg5 Rxg5 33. Rag1 Rxg1 34. Rxg1 Bxh3 35. f4 Bd7 36. f5 Bxf5 37. exf5 Qxf5+ 38. Kg2 h3+ 39. Kh2 Qf2+ 40. Kh1 h2 0-1